[Event "Chigorin Memorial 31st"]
[Site "St Petersburg"]
[Date "2024.10.30"]
[Round "5"]
[White "Popkov, Alexander R"]
[Black "Vinogradov, Artem Pav"]
[Result "1-0"]
[WhiteElo "1942"]
[BlackElo "1799"]
[PlyCount "99"]
[EventDate "2024.10.26"]
[EventType "swiss"]
[EventRounds "9"]
[EventCountry "RUS"]
[SourceTitle "CB45_2024"]
[Source "ChessBase"]
[SourceDate "2024.11.06"]
[SourceVersion "1"]
[SourceVersionDate "2024.11.06"]
[SourceQuality "1"]

1. d4 d5 2. e3 Nf6 3. Nf3 Bf5 4. c4 c6 5. Nc3 e6 6. a3 Nbd7 7. Bd3 Bg6 8. 0-0 Bd6 9. Re1 Ne4 10. Bxe4 dxe4 11. Nd2 f5 12. c5 Bc7 13. Qb3 0-0 14. Qxb7 Nf6 15. g3 Qd7 16. Nc4 Rab8 17. Qa6 Bh5 18. b4 Qe8 19. Rb1 Ng4 20. h3 Qg6 21. Nd6 Qh6 22. Ne2 Nf6 23. Nf4 Bf3 24. Qf1 Ng4 25. Nc4 g5 26. Ne2 Rf6 27. Nd2 Qh5 28. d5 f4 29. Nxf3 exf3 30. exf4 fxe2 31. Qg2 gxf4 32. hxg4 Qg6 33. Bxf4 Bxf4 34. gxf4 Rxf4 35. f3 exd5 36. Qxe2 Rbf8 37. Rb3 h5 38. Qe6+ Qxe6 39. Rxe6 hxg4 40. Rxc6 gxf3 41. Kf2 Rc4 42. Rxf3 Rc2+ 43. Kg3 Rxf3+ 44. Kxf3 Rc3+ 45. Kf4 Rxa3 46. Rc7 Ra4 47. Rb7 a5 48. c6 axb4 49. c7 b3+ 50. Ke5 1-0

[Event "St Petersburg Korchnoi Memorial op"]
[Site "St Petersburg"]
[Date "2024.08.22"]
[Round "9"]
[White "German, Nikita"]
[Black "Popkov, Alexander R"]
[Result "1-0"]
[WhiteElo "2064"]
[BlackElo "1928"]
[PlyCount "75"]
[EventDate "2024.08.17"]
[EventType "swiss"]
[EventRounds "9"]
[EventCountry "RUS"]
[SourceTitle "EXT 2025"]
[Source "ChessBase"]
[SourceDate "2024.10.14"]
[SourceVersion "1"]
[SourceVersionDate "2024.10.14"]
[SourceQuality "1"]

1. e4 e5 2. Nf3 Nc6 3. Bb5 g6 4. 0-0 Bg7 5. c3 a6 6. Ba4 Nge7 7. d4 exd4 8. cxd4 0-0 9. d5 b5 10. Bc2 Nb4 11. Bb3 a5 12. a3 Na6 13. Nc3 Rb8 14. Bg5 d6 15. Nd4 Bd7 16. Nc6 Bxc6 17. dxc6 Kh8 18. Bd5 Nc5 19. Qe2 f6 20. Be3 Nxd5 21. exd5 Nb3 22. Rae1 b4 23. Nb5 f5 24. Ba7 Ra8 25. a4 f4 26. Qc2 Nc5 27. Bxc5 dxc5 28. Qxc5 f3 29. Re7 Qc8 30. Rd7 Rd8 31. Qe7 Rxd7 32. cxd7 Qf8 33. Re1 Bf6 34. Qxf8+ Rxf8 35. Re8 Kg7 36. Nxc7 Kf7 37. Rxf8+ Kxf8 38. Ne6+ 1-0

[Event "St Petersburg Korchnoi Memorial op"]
[Site "St Petersburg"]
[Date "2024.08.18"]
[Round "3"]
[White "Kulnev, Aleksandr"]
[Black "Popkov, Alexander R"]
[Result "0-1"]
[WhiteElo "2145"]
[BlackElo "1928"]
[PlyCount "82"]
[EventDate "2024.08.17"]
[EventType "swiss"]
[EventRounds "9"]
[EventCountry "RUS"]
[SourceTitle "CBM 221 Extra"]
[Source "ChessBase"]
[SourceDate "2024.09.30"]
[SourceVersion "1"]
[SourceVersionDate "2024.09.30"]
[SourceQuality "1"]

1. d4 d5 2. c4 dxc4 3. Nf3 e6 4. e3 c5 5. Bxc4 Nc6 6. 0-0 a6 7. dxc5 Bxc5 8. Qxd8+ Kxd8 9. Be2 Nf6 10. Nbd2 Ke7 11. Nb3 Bd6 12. Rd1 b6 13. Bd2 Ne4 14. Be1 Bb7 15. Nbd2 Nxd2 16. Nxd2 Rhd8 17. Nc4 Bc7 18. Rdc1 Rac8 19. Bf3 b5 20. Nd2 Ba5 21. Nb3 Bxe1 22. Rxe1 Ba8 23. Bxc6 Rxc6 24. Rac1 Rdc8 25. Rxc6 Rxc6 26. Nd4 Rc7 27. f3 e5 28. Nf5+ Kf6 29. Ng3 Bd5 30. b3 a5 31. Rd1 Be6 32. Rd2 a4 33. bxa4 bxa4 34. Ne4+ Ke7 35. Ng5 Rc1+ 36. Kf2 Bc4 37. Ne4 f5 38. Nd6 Be6 39. Nb5 g5 40. e4 f4 41. h3 Bc4 0-1